Hồ Xuân Hương - Về tác gia và tác phẩm

Nghiên cứu về cuộc đời, phong cách sáng tác và sự nghiệp văn chương của nữ thi sĩ Hồ Xuân Hương

Bewaard in:
Bibliografische gegevens
Hoofdauteur: Hồ Xuân Hương
Andere auteurs: Đào Thái Tôn (Tác giả), Nguyễn Văn Hanh (Tác giả), Hoa Bằng (Tác giả), Trương Tửu (Tác giả)
Formaat: Boek
Taal:Vietnamese
Gepubliceerd in: Hà Nội Giáo dục 2003
Editie:Tái bản lần thứ 1
Onderwerpen:
Tags: Voeg label toe
Geen labels, Wees de eerste die dit record labelt!
Thư viện lưu trữ: Mạng thư viện Đại học Đà Nẵng
LEADER 01328nam a2200397 4500
001 000004240
003 371
005 20121211001207.0
008 110718s2003 viesd
020 |c 38600đ 
041 0 |a vie 
082 |a 895.9221  |b NGU 
100 0 |a Hồ Xuân Hương 
245 0 |a Hồ Xuân Hương - Về tác gia và tác phẩm  |c Nguyễn Lộc, Đào Thái Tôn, Nguyễn Văn Hanh.. ; Nguyễn Hữu Sơn.. tuyển chọn và giới thiệu 
250 |a Tái bản lần thứ 1 
260 |a Hà Nội  |b Giáo dục  |c 2003 
300 |a 459tr  |c 24cm 
520 |a Nghiên cứu về cuộc đời, phong cách sáng tác và sự nghiệp văn chương của nữ thi sĩ Hồ Xuân Hương 
653 |a Nghiên cứu văn học 
653 |a Nhà thơ 
653 |a Hồ Xuân Hương 
653 |a Việt Nam 
653 |a Văn học cận đại 
700 |a Đào Thái Tôn  |e Tác giả 
700 |a Nguyễn Văn Hanh  |e Tác giả 
700 |a Hoa Bằng  |e Tác giả 
700 |a Trương Tửu  |e Tác giả 
910 |a Huỳnh Thị Cẩm Lai  |d 18/07/2011 
OWN |a LSP 
999 |a From the UDN01 
TYP |a Monograph 
TYP |a Printed language 
980 |a Mạng thư viện Đại học Đà Nẵng